Statistics for Countries without an "a"

Click here to take the quiz!

General Stats

  • This quiz has been taken 224 times
  • The average score is 24 of 31

Answer Stats

Europe% Correct
Sweden
95%
Chile
92%
Belgium
91%
Peru
91%
Egypt
88%
Fiji
88%
Mexico
88%
Yemen
86%
Greece
84%
Belize
83%
Morocco
83%
Togo
83%
Luxembourg
81%
Liechtenstein
80%
Djibouti
79%
Lesotho
79%
United Kingdom
78%
Benin
77%
Cyprus
77%
Kosovo
77%
Turkey
75%
Czech Republic
74%
Niger
71%
Republic of the Congo
71%
Comoros
70%
Seychelles
69%
Burundi
68%
Montenegro
68%
Philippines
65%
Brunei
63%
Cote d'Ivoire
49%

Score Distribution

Percentile by Number Answered

Percent of People with Each Score

Your Score History

You have not taken this quiz